[Event "European Rapid Championship 2021"]
[Site "Katowice"]
[Date "2021.12.18"]
[Round "6.16"]
[White "Sliwicka, Alicja"]
[Black "Laurusas, Tomas"]
[Result "0-1"]
[WhiteElo "2303"]
[BlackElo "2553"]
[Annotator "ChessBase"]
[PlyCount "100"]
[EventDate "2021.12.18"]
[EventType "swiss"]
[EventCountry "POL"]
[SourceTitle "playchess.com"]
[Source "ChessBase"]
[SourceQuality "1"]
[TimeControl "900+10"]

1. e4 {[%emt 0:00:02]} c5 {[%emt 0:00:02]} 2. Nf3 {[%emt 0:00:01]} d6 {[%emt 0:
00:30]} 3. d4 {[%emt 0:00:02]} cxd4 {[%emt 0:00:01]} 4. Nxd4 {[%emt 0:00:02]}
Nf6 {[%emt 0:00:01]} 5. f3 {[%emt 0:00:01]} a6 {[%emt 0:01:07]} 6. c4 {[%emt 0:
00:03]} e6 {[%emt 0:00:02]} 7. Nc3 {[%emt 0:00:04]} Be7 {[%emt 0:00:04]} 8. Be2
{[%emt 0:00:10]} b6 {[%emt 0:00:09]} 9. Qa4+ {[%emt 0:00:51]} Bd7 {[%emt 0:02:
21]} 10. Qb3 {[%emt 0:00:48]} O-O {[%emt 0:01:45]} 11. Be3 {[%emt 0:00:06]} Qc7
{[%emt 0:01:19]} 12. Nc2 {[%emt 0:00:49]} Bd8 {[%emt 0:01:05]} 13. Rd1 {
[%emt 0:03:30]} Nc6 {[%emt 0:00:14]} 14. a3 {[%emt 0:00:28]} Na5 {[%emt 0:02:
12]} 15. Qa2 {[%emt 0:00:02]} Be7 {[%emt 0:00:58]} 16. O-O {[%emt 0:03:24]}
Rfc8 {[%emt 0:00:01]} 17. Rb1 {[%emt 0:05:57]} Be8 {[%emt 0:03:52]} 18. Bf2 {
[%emt 0:00:48]} Nxc4 {[%emt 0:00:29]} 19. Bxc4 {[%emt 0:00:01]} Qxc4 {[%emt 0:
00:01]} 20. Qxc4 {[%emt 0:00:01]} Rxc4 {[%emt 0:00:01]} 21. Bxb6 a5 22. Bf2 {
[%emt 0:01:13]} Nd7 {[%emt 0:00:32]} 23. Nd4 {[%emt 0:00:10]} Ne5 {[%emt 0:00:
10]} 24. Rfd1 {[%emt 0:00:07]} Rb8 {[%emt 0:00:26]} 25. Kf1 {[%emt 0:00:10]}
Rc7 {[%emt 0:00:33]} 26. Na2 {[%emt 0:00:23]} Nc4 {[%emt 0:00:13]} 27. b4 {
[%emt 0:00:13]} Nxa3 {[%emt 0:00:06]} 28. Rb3 {[%emt 0:00:02]} Ba4 29. Rxa3 {
[%emt 0:00:09]} Bxd1 {[%emt 0:00:35]} 30. Rxa5 {[%emt 0:00:15]} Bf6 {[%emt 0:
00:48]} 31. Nb5 {[%emt 0:00:11]} Rc2 {[%emt 0:00:07]} 32. Ke1 {[%emt 0:00:07]}
Re2+ {[%emt 0:00:25]} 33. Kf1 {[%emt 0:00:10]} Rb2 {[%emt 0:00:11]} 34. Ke1 {
[%emt 0:00:07]} Bb3 {[%emt 0:00:13]} 35. Nac3 {[%emt 0:00:01]} Bc4 {[%emt 0:00:
09]} 36. Ba7 {[%emt 0:00:27]} Ra8 {[%emt 0:00:13]} 37. Kd1 {[%emt 0:00:01]}
Rxb4 {[%emt 0:00:04]} 38. f4 {[%emt 0:00:17]} h5 {[%emt 0:00:02]} 39. Kc2 {
[%emt 0:00:08]} Bxb5 {[%emt 0:00:02]} 40. Nxb5 {[%emt 0:00:04]} Rxb5 {[%emt 0:
00:02]} 41. Rxb5 {[%emt 0:00:01]} Rxa7 {[%emt 0:00:01]} 42. Kb3 {[%emt 0:00:29]
} g6 {[%emt 0:00:07]} 43. Rb6 {[%emt 0:00:06]} Be7 {[%emt 0:00:10]} 44. g3 {
[%emt 0:00:10]} Rc7 {[%emt 0:00:08]} 45. Ra6 {[%emt 0:00:07]} d5 {[%emt 0:00:
04]} 46. exd5 {[%emt 0:00:12]} exd5 {[%emt 0:00:01]} 47. Ra5 {[%emt 0:00:01]}
Rc5 {[%emt 0:00:02]} 48. Ra7 {[%emt 0:00:03]} Bf6 {[%emt 0:00:01]} 49. Rd7 {
[%emt 0:00:03]} d4 {[%emt 0:00:03]} 50. Rd6 {[%emt 0:00:10]} Kg7 {[%emt 0:00:
02]} 0-1

[Event "European Rapid Championship 2021"]
[Site "Katowice"]
[Date "2021.12.18"]
[Round "6.16"]
[White "Jagodzinski, Piotr"]
[Black "Snihur, Piotr"]
[Result "1/2-1/2"]
[WhiteElo "2145"]
[BlackElo "2006"]
[Annotator "ChessBase"]
[PlyCount "154"]
[EventDate "2021.12.18"]
[EventType "swiss"]
[EventCountry "POL"]
[SourceTitle "playchess.com"]
[Source "ChessBase"]
[SourceQuality "1"]
[TimeControl "900+10"]

1. Nf3 {[%emt 0:00:01]} d5 {[%emt 0:00:09]} 2. b3 {[%emt 0:00:02]} Nf6 {
[%emt 0:00:16]} 3. Bb2 {[%emt 0:00:01]} Bf5 {[%emt 0:00:07]} 4. e3 {[%emt 0:00:
02]} e6 {[%emt 0:00:05]} 5. Ne5 {[%emt 0:00:11]} Nbd7 {[%emt 0:00:09]} 6. Nxd7
{[%emt 0:00:04]} Qxd7 {[%emt 0:00:08]} 7. d3 {[%emt 0:00:02]} Be7 {[%emt 0:00:
12]} 8. Be2 {[%emt 0:00:01]} h6 {[%emt 0:00:21]} 9. Nd2 {[%emt 0:00:01]} O-O {
[%emt 0:00:05]} 10. Nf3 {[%emt 0:00:02]} c5 {[%emt 0:00:23]} 11. Ne5 {[%emt 0:
00:14]} Qc7 {[%emt 0:00:06]} 12. f4 {[%emt 0:00:28]} Bh7 {[%emt 0:00:42]} 13.
g4 {[%emt 0:01:00]} Nd7 {[%emt 0:01:00]} 14. h4 {[%emt 0:00:02]} Nxe5 {[%emt 0:
00:34]} 15. Bxe5 {[%emt 0:00:25]} Bd6 {[%emt 0:00:06]} 16. Bxd6 {[%emt 0:00:04]
} Qxd6 {[%emt 0:00:01]} 17. g5 {[%emt 0:00:01]} d4 {[%emt 0:01:22]} 18. Qd2 {
[%emt 0:00:42]} dxe3 {[%emt 0:01:32]} 19. Qxe3 {[%emt 0:00:04]} Qd4 {[%emt 0:
00:45]} 20. Qxd4 {[%emt 0:00:54]} cxd4 {[%emt 0:00:00]} 21. Bf3 {[%emt 0:00:00]
} Rac8 {[%emt 0:00:40]} 22. Kd2 {[%emt 0:00:02]} Rc7 {[%emt 0:00:19]} 23. Rag1
{[%emt 0:01:27]} Rfc8 {[%emt 0:01:20]} 24. Bd1 {[%emt 0:00:02]} Kf8 {[%emt 0:
00:33]} 25. Ke2 {[%emt 0:01:40]} Bg6 {[%emt 0:00:51]} 26. h5 {[%emt 0:00:51]}
Bf5 {[%emt 0:00:08]} 27. Kf3 {[%emt 0:00:04]} b5 {[%emt 0:01:17]} 28. Re1 {
[%emt 0:00:44]} Rc5 {[%emt 0:01:11]} 29. gxh6 {[%emt 0:02:53]} gxh6 {[%emt 0:
00:02]} 30. Re5 {[%emt 0:00:01]} b4 {[%emt 0:03:09]} 31. Rh2 {[%emt 0:00:44]}
f6 {[%emt 0:00:33]} 32. Re1 {[%emt 0:00:03]} Ra5 {[%emt 0:00:42]} 33. Rg2 {
[%emt 0:00:26]} Rc7 {[%emt 0:01:00]} 34. Reg1 {[%emt 0:03:46]} Bh7 {[%emt 0:00:
02]} 35. Re1 {[%emt 0:01:56]} Re7 {[%emt 0:00:09]} 36. Kf2 {[%emt 0:01:28]}
Rxa2 {[%emt 0:00:08]} 37. Ke2 {[%emt 0:00:01]} Rc7 {[%emt 0:00:40]} 38. Kd2 {
[%emt 0:00:04]} Bf5 {[%emt 0:00:16]} 39. Reg1 {[%emt 0:00:01]} Bh7 {[%emt 0:00:
01]} 40. Rg3 {[%emt 0:00:20]} Ra5 {[%emt 0:00:27]} 41. Bg4 {[%emt 0:00:10]} Ra2
{[%emt 0:00:04]} 42. Bd1 {[%emt 0:00:08]} Re7 {[%emt 0:00:10]} 43. Kc1 {
[%emt 0:00:04]} Ra1+ {[%emt 0:00:14]} 44. Kb2 {[%emt 0:00:04]} Ra5 {[%emt 0:00:
01]} 45. Bf3 {[%emt 0:00:15]} Ke8 {[%emt 0:00:25]} 46. Bc6+ {[%emt 0:00:25]}
Kd8 {[%emt 0:00:00]} 47. Rg7 {[%emt 0:00:18]} Bf5 {[%emt 0:00:11]} 48. Rg8+ {
[%emt 0:00:06]} Kc7 {[%emt 0:00:01]} 49. Bf3 {[%emt 0:00:07]} e5 {[%emt 0:00:
30]} 50. Rh8 {[%emt 0:00:23]} Bh7 {[%emt 0:00:11]} 51. f5 {[%emt 0:00:21]} Bxf5
{[%emt 0:00:07]} 52. Rxh6 {[%emt 0:00:02]} Ra6 {[%emt 0:00:12]} 53. Bd5 {
[%emt 0:00:11]} Bd7 {[%emt 0:00:11]} 54. Rgg6 {[%emt 0:00:14]} Be8 {[%emt 0:00:
09]} 55. Rg8 {[%emt 0:00:02]} Rd6 {[%emt 0:00:05]} 56. Be4 {[%emt 0:00:08]} f5
{[%emt 0:00:16]} 57. Rxd6 {[%emt 0:00:19]} Kxd6 {[%emt 0:00:02]} 58. Bxf5 {
[%emt 0:00:01]} Bxh5 {[%emt 0:00:04]} 59. Rd8+ {[%emt 0:00:02]} Kc7 {[%emt 0:
00:09]} 60. Rd5 {[%emt 0:00:04]} Be8 {[%emt 0:00:10]} 61. Rc5+ {[%emt 0:00:10]}
Kb6 62. Rd5 {[%emt 0:00:08]} Bc6 {[%emt 0:00:21]} 63. Rd6 {[%emt 0:00:04]} Kc5
{[%emt 0:00:07]} 64. Rh6 {[%emt 0:00:11]} a5 {[%emt 0:00:15]} 65. Rh5 {[%emt 0:
00:17]} a4 {[%emt 0:00:19]} 66. bxa4 Bxa4 {[%emt 0:00:01]} 67. Be4 {[%emt 0:00:
12]} Bc6 {[%emt 0:00:10]} 68. Bxc6 {[%emt 0:00:08]} Kxc6 69. Kb3 Kc5 {[%emt 0:
00:20]} 70. Rh8 {[%emt 0:00:02]} e4 {[%emt 0:00:20]} 71. Rh5+ {[%emt 0:00:30]}
Kc6 {[%emt 0:00:11]} 72. dxe4 {[%emt 0:00:05]} Rxe4 {[%emt 0:00:04]} 73. Kc4 {
[%emt 0:00:08]} d3+ {[%emt 0:00:09]} 74. Kxd3 {[%emt 0:00:10]} Rg4 {[%emt 0:00:
03]} 75. Kd2 {[%emt 0:00:08]} Kb6 {[%emt 0:00:08]} 76. Kc1 {[%emt 0:00:01]} Rg3
{[%emt 0:00:12]} 77. Kb2 {[%emt 0:00:01]} Kc6 {[%emt 0:00:01]} 1/2-1/2

[Event "European Rapid Championship 2021"]
[Site "Katowice"]
[Date "2021.12.18"]
[Round "6.17"]
[White "Chojnacki, Slawomir"]
[Black "Durarbayli, Vasif"]
[Result "0-1"]
[WhiteElo "2165"]
[BlackElo "2532"]
[Annotator "ChessBase"]
[PlyCount "70"]
[EventDate "2021.12.18"]
[EventType "swiss"]
[EventCountry "POL"]
[SourceTitle "playchess.com"]
[Source "ChessBase"]
[SourceQuality "1"]
[TimeControl "900+10"]

1. d4 {[%emt 0:00:01]} Nf6 {[%emt 0:00:01]} 2. Nf3 {[%emt 0:00:01]} e6 {
[%emt 0:00:01]} 3. Bf4 {[%emt 0:00:06]} c5 {[%emt 0:00:01]} 4. c3 {[%emt 0:00:
01]} Nc6 {[%emt 0:00:01]} 5. e3 {[%emt 0:00:02]} d5 {[%emt 0:00:11]} 6. Nbd2 {
[%emt 0:00:02]} Bd6 {[%emt 0:00:01]} 7. Bg3 {[%emt 0:00:05]} O-O {[%emt 0:00:
04]} 8. Be2 {[%emt 0:00:17]} b6 {[%emt 0:00:02]} 9. O-O {[%emt 0:00:03]} Bb7 {
[%emt 0:00:01]} 10. Rc1 {[%emt 0:00:12]} Ne7 {[%emt 0:00:22]} 11. Bxd6 {
[%emt 0:00:28]} Qxd6 {[%emt 0:00:02]} 12. Ne5 {[%emt 0:00:03]} Rfd8 {[%emt 0:
00:20]} 13. Bd3 {[%emt 0:00:10]} a6 {[%emt 0:00:27]} 14. f4 {[%emt 0:00:09]}
Nf5 {[%emt 0:00:43]} 15. Qe2 {[%emt 0:00:35]} h5 {[%emt 0:00:02]} 16. Ndf3 {
[%emt 0:01:05]} Rf8 {[%emt 0:02:16]} 17. Ng5 {[%emt 0:00:30]} g6 {[%emt 0:00:
11]} 18. g3 {[%emt 0:02:17]} Kg7 {[%emt 0:01:04]} 19. Rce1 {[%emt 0:00:22]} Bc6
{[%emt 0:00:29]} 20. Kg2 {[%emt 0:01:58]} Bb5 {[%emt 0:00:14]} 21. h3 {[%emt 0:
01:06]} h4 {[%emt 0:00:39]} 22. gxh4 {[%emt 0:00:52]} Nxh4+ {[%emt 0:00:02]}
23. Kf2 {[%emt 0:00:09]} Ne4+ {[%emt 0:00:46]} 24. Nxe4 {[%emt 0:00:17]} dxe4 {
[%emt 0:00:02]} 25. Bxb5 {[%emt 0:00:10]} axb5 {[%emt 0:00:01]} 26. Qxb5 {
[%emt 0:01:14]} Rxa2 {[%emt 0:00:26]} 27. dxc5 {[%emt 0:00:15]} Qxc5 {[%emt 0:
02:02]} 28. Qb3 {[%emt 0:00:27]} Rfa8 {[%emt 0:00:58]} 29. Re2 {[%emt 0:00:25]}
Nf3 {[%emt 0:02:24]} 30. Nxf3 {[%emt 0:00:20]} exf3 {[%emt 0:00:01]} 31. Rd2 {
[%emt 0:01:12]} R2a4 {[%emt 0:02:26]} 32. Qd1 {[%emt 0:01:26]} e5 {[%emt 0:01:
21]} 33. Rd5 {[%emt 0:01:48]} Qc4 {[%emt 0:00:12]} 34. Rxe5 {[%emt 0:00:31]}
Ra1 {[%emt 0:00:06]} 35. b3 {[%emt 0:00:29]} R8a2+ {[%emt 0:00:16]} 0-1

[Event "European Rapid Championship 2021"]
[Site "Katowice"]
[Date "2021.12.18"]
[Round "6.18"]
[White "Stefansson, Hannes"]
[Black "Niedbala, Bartlomiej"]
[Result "1-0"]
[WhiteElo "2519"]
[BlackElo "2131"]
[Annotator "ChessBase"]
[PlyCount "75"]
[EventDate "2021.12.18"]
[EventType "swiss"]
[EventCountry "POL"]
[SourceTitle "playchess.com"]
[Source "ChessBase"]
[SourceQuality "1"]
[TimeControl "900+10"]

1. e4 {[%emt 0:00:03]} c6 {[%emt 0:01:43]} 2. d4 {[%emt 0:00:03]} d5 {[%emt 0:
00:02]} 3. Nc3 {[%emt 0:00:04]} dxe4 {[%emt 0:00:01]} 4. Nxe4 {[%emt 0:00:01]}
Nf6 {[%emt 0:00:02]} 5. Nxf6+ {[%emt 0:00:04]} exf6 {[%emt 0:00:02]} 6. Be3 {
[%emt 0:00:07]} Qb6 {[%emt 0:00:05]} 7. Qe2 {[%emt 0:01:20]} Be6 {[%emt 0:01:
49]} 8. c3 {[%emt 0:00:54]} Qc7 {[%emt 0:01:00]} 9. Qc2 {[%emt 0:00:38]} f5 {
[%emt 0:01:18]} 10. Bd3 {[%emt 0:00:31]} g6 {[%emt 0:00:38]} 11. Nf3 {[%emt 0:
00:22]} Bd5 {[%emt 0:01:26]} 12. O-O-O {[%emt 0:00:21]} Nd7 {[%emt 0:01:18]}
13. Bg5 {[%emt 0:01:16]} f6 {[%emt 0:00:26]} 14. Rhe1+ {[%emt 0:00:08]} Kf7 {
[%emt 0:00:01]} 15. Bd2 {[%emt 0:00:58]} Bd6 {[%emt 0:00:52]} 16. Nh4 {[%emt 0:
01:00]} b5 {[%emt 0:00:30]} 17. g4 {[%emt 0:00:44]} Rae8 {[%emt 0:02:33]} 18.
Bxf5 {[%emt 0:00:37]} Rxe1 {[%emt 0:01:03]} 19. Rxe1 {[%emt 0:00:01]} Rg8 {
[%emt 0:00:53]} 20. Be4 {[%emt 0:00:37]} Bxh2 {[%emt 0:00:28]} 21. Bxd5+ {
[%emt 0:00:35]} cxd5 {[%emt 0:00:02]} 22. Qd3 {[%emt 0:00:11]} Bf4 {[%emt 0:00:
26]} 23. Qxb5 {[%emt 0:00:34]} Bxd2+ {[%emt 0:00:13]} 24. Kxd2 {[%emt 0:00:01]}
Nb6 {[%emt 0:00:00]} 25. Qe2 {[%emt 0:00:16]} Qd6 {[%emt 0:00:25]} 26. b3 {
[%emt 0:00:19]} Rc8 {[%emt 0:00:14]} 27. Ng2 {[%emt 0:00:20]} a5 {[%emt 0:00:
38]} 28. f4 {[%emt 0:00:15]} Rb8 {[%emt 0:00:26]} 29. f5 {[%emt 0:00:18]} gxf5
{[%emt 0:00:46]} 30. gxf5 {[%emt 0:00:02]} Nc4+ {[%emt 0:00:34]} 31. Kd1 {
[%emt 0:00:17]} Na3 {[%emt 0:00:13]} 32. Qh5+ {[%emt 0:00:25]} Kg7 {[%emt 0:00:
01]} 33. Rh1 {[%emt 0:01:25]} Rh8 {[%emt 0:00:15]} 34. Qg4+ {[%emt 0:00:15]}
Kf7 {[%emt 0:00:12]} 35. Nf4 {[%emt 0:00:02]} Nb5 {[%emt 0:00:01]} 36. Ne6 {
[%emt 0:00:21]} Nxc3+ {[%emt 0:00:19]} 37. Kc2 {[%emt 0:00:02]} Rc8 {[%emt 0:
00:06]} 38. Rxh7+ {[%emt 0:00:05]} 1-0

[Event "European Rapid Championship 2021"]
[Site "Katowice"]
[Date "2021.12.18"]
[Round "6.18"]
[White "Szwed, Jacek"]
[Black "Jonsson, Gauti Pall"]
[Result "0-1"]
[WhiteElo "2372"]
[BlackElo "2014"]
[Annotator "NA"]
[PlyCount "85"]
[EventDate "2021.12.18"]
[EventType "swiss"]
[EventCountry "POL"]
[SourceTitle "playchess.com"]
[Source "ChessBase"]
[SourceQuality "1"]
[TimeControl "900+10"]

1. e4 {[%emt 0:00:05]} Nf6 {[%emt 0:00:06]} 2. e5 {[%emt 0:00:09]} Nd5 {
[%emt 0:00:03]} 3. d4 {[%emt 0:00:01]} Nb6 {[%emt 0:00:02]} 4. c4 {[%emt 0:00:
14]} d6 {[%emt 0:00:03]} 5. exd6 {[%emt 0:00:03]} cxd6 {[%emt 0:00:03]} 6. Nc3
{[%emt 0:00:02]} g6 {[%emt 0:00:05]} 7. Be3 {[%emt 0:00:01]} Bg7 {[%emt 0:00:
06]} 8. Rc1 {[%emt 0:00:02]} O-O {[%emt 0:00:17]} 9. b3 {[%emt 0:00:01]} Bf5 {
[%emt 0:00:45]} 10. g4 {[%emt 0:00:06]} Bd7 {[%emt 0:00:03]} 11. Bg2 {[%emt 0:
00:02]} Nc6 {[%emt 0:00:21]} 12. d5 {[%emt 0:00:01]} Ne5 {[%emt 0:00:30]} 13.
h3 {[%emt 0:00:02]} f5 {[%emt 0:00:21]} 14. f4 {[%emt 0:00:01]} Nf7 {[%emt 0:
01:28]} 15. g5 {[%emt 0:00:01]} e5 {[%emt 0:00:41]} 16. dxe6 {[%emt 0:00:04]}
Bxe6 {[%emt 0:00:03]} 17. Nge2 {[%emt 0:00:46]} Re8 {[%emt 0:00:51]} 18. Bd4 {
[%emt 0:00:31]} Bxd4 {[%emt 0:02:53]} 19. Qxd4 {[%emt 0:00:04]} Nxg5 {[%emt 0:
00:05]} 20. fxg5 {[%emt 0:00:29]} Qxg5 {[%emt 0:00:02]} 21. O-O {[%emt 0:00:07]
} Nd7 {[%emt 0:01:02]} 22. Qxd6 {[%emt 0:01:02]} Nf6 {[%emt 0:00:21]} 23. Qf4 {
[%emt 0:00:06]} Qxf4 {[%emt 0:01:26]} 24. Nxf4 {[%emt 0:00:05]} Bf7 {[%emt 0:
00:02]} 25. Bxb7 {[%emt 0:00:30]} Rab8 {[%emt 0:00:07]} 26. Bg2 {[%emt 0:00:03]
} Re3 {[%emt 0:00:11]} 27. Rfe1 {[%emt 0:00:23]} Rxe1+ {[%emt 0:00:37]} 28.
Rxe1 {[%emt 0:00:01]} g5 {[%emt 0:00:02]} 29. Nfd5 {[%emt 0:00:00]} Nh5 {
[%emt 0:00:37]} 30. Bf3 {[%emt 0:01:16]} Ng3 {[%emt 0:00:36]} 31. Ne2 {[%emt 0:
00:08]} Nxe2+ {[%emt 0:00:09]} 32. Rxe2 {[%emt 0:00:01]} Kg7 {[%emt 0:00:13]}
33. Re7 {[%emt 0:00:19]} Kf8 {[%emt 0:00:23]} 34. Re5 {[%emt 0:00:23]} Bg6 {
[%emt 0:00:12]} 35. Ne7 {[%emt 0:00:04]} Rd8 {[%emt 0:00:34]} 36. Bd5 {[%emt 0:
00:40]} Kg7 {[%emt 0:00:22]} 37. c5 {[%emt 0:00:08]} h5 {[%emt 0:00:41]} 38. c6
{[%emt 0:00:15]} g4 {[%emt 0:00:02]} 39. c7 {[%emt 0:00:08]} Rf8 {[%emt 0:00:
03]} 40. c8=Q {[%emt 0:00:12]} Rxc8 {[%emt 0:00:02]} 41. Nxc8 {[%emt 0:00:01]}
f4 {[%emt 0:00:09]} 42. hxg4 {[%emt 0:00:11]} hxg4 {[%emt 0:00:02]} 43. Rg5 {
[%emt 0:00:02]} 0-1

[Event "European Rapid Championship 2021"]
[Site "Katowice"]
[Date "2021.12.18"]
[Round "6.19"]
[White "Czerw, Dawid"]
[Black "Vetoshko, Volodymyr"]
[Result "0-1"]
[WhiteElo "2158"]
[BlackElo "2483"]
[Annotator "ChessBase"]
[PlyCount "78"]
[EventDate "2021.12.18"]
[EventType "swiss"]
[EventCountry "POL"]
[SourceTitle "playchess.com"]
[Source "ChessBase"]
[SourceQuality "1"]
[TimeControl "900+10"]

1. d4 {[%emt 0:00:02]} d5 {[%emt 0:00:01]} 2. c4 {[%emt 0:00:02]} e6 {[%emt 0:
00:00]} 3. Nc3 {[%emt 0:00:01]} a6 {[%emt 0:00:01]} 4. cxd5 {[%emt 0:00:30]}
exd5 {[%emt 0:00:01]} 5. Bf4 {[%emt 0:00:02]} Nf6 {[%emt 0:00:04]} 6. e3 {
[%emt 0:00:01]} Bd6 {[%emt 0:00:12]} 7. Bg5 {[%emt 0:00:08]} Be6 {[%emt 0:01:
51]} 8. Bd3 {[%emt 0:00:05]} Nbd7 {[%emt 0:00:08]} 9. Nge2 {[%emt 0:00:02]} h6
{[%emt 0:02:34]} 10. Bh4 {[%emt 0:00:12]} O-O {[%emt 0:00:44]} 11. h3 {[%emt 0:
00:02]} Re8 {[%emt 0:01:11]} 12. O-O {[%emt 0:00:04]} c6 {[%emt 0:01:06]} 13.
f3 {[%emt 0:00:43]} c5 {[%emt 0:00:21]} 14. Rc1 {[%emt 0:01:12]} b5 {[%emt 0:
00:32]} 15. a3 {[%emt 0:01:04]} Rc8 {[%emt 0:00:20]} 16. Kh1 {[%emt 0:00:25]}
Qb6 {[%emt 0:00:32]} 17. dxc5 {[%emt 0:02:01]} Bxc5 {[%emt 0:00:13]} 18. Nd4 {
[%emt 0:00:02]} Be7 {[%emt 0:03:38]} 19. f4 {[%emt 0:03:27]} Nc5 {[%emt 0:00:
53]} 20. f5 {[%emt 0:00:29]} Bd7 {[%emt 0:00:12]} 21. Bxf6 {[%emt 0:00:20]}
Bxf6 {[%emt 0:00:50]} 22. Nxd5 {[%emt 0:00:11]} Qd6 {[%emt 0:00:06]} 23. Nxf6+
{[%emt 0:00:35]} Qxf6 {[%emt 0:00:01]} 24. Qd2 {[%emt 0:01:06]} Qg5 {[%emt 0:
00:15]} 25. Rfe1 {[%emt 0:01:57]} Nxd3 {[%emt 0:00:20]} 26. Rxc8 {[%emt 0:00:
16]} Bxc8 {[%emt 0:00:17]} 27. Qxd3 {[%emt 0:00:03]} Bb7 {[%emt 0:00:33]} 28.
e4 {[%emt 0:00:12]} Qf4 {[%emt 0:00:39]} 29. Nf3 {[%emt 0:03:00]} Rxe4 {
[%emt 0:00:50]} 30. Rxe4 {[%emt 0:00:14]} Bxe4 {[%emt 0:00:09]} 31. Qc3 {
[%emt 0:01:04]} Qxf5 {[%emt 0:00:11]} 32. Nd2 {[%emt 0:00:08]} Bd5 {[%emt 0:00:
13]} 33. Qe3 {[%emt 0:00:10]} Qc2 {[%emt 0:00:54]} 34. b4 {[%emt 0:00:06]} Qc6
{[%emt 0:00:12]} 35. Nf3 {[%emt 0:00:35]} Bxf3 {[%emt 0:00:12]} 36. gxf3 {
[%emt 0:00:01]} Qe6 {[%emt 0:00:07]} 37. Qc3 {[%emt 0:00:10]} Qxh3+ {[%emt 0:
00:03]} 38. Kg1 {[%emt 0:00:01]} Qe6 {[%emt 0:00:11]} 39. Qd3 {[%emt 0:00:01]}
Qg6+ {[%emt 0:00:04]} 0-1

[Event "European Rapid Championship 2021"]
[Site "Katowice"]
[Date "2021.12.18"]
[Round "6.19"]
[White "Malek, Jan"]
[Black "Wisniewski, Michal"]
[Result "1-0"]
[WhiteElo "2029"]
[BlackElo "2248"]
[Annotator "NA"]
[PlyCount "77"]
[EventDate "2021.12.18"]
[EventType "swiss"]
[EventCountry "POL"]
[SourceTitle "playchess.com"]
[Source "ChessBase"]
[SourceQuality "1"]
[TimeControl "900+10"]

1. d4 {[%emt 0:00:02]} Nf6 {[%emt 0:00:00]} 2. c4 {[%emt 0:00:01]} c5 {[%emt 0:
00:01]} 3. Nf3 {[%emt 0:00:13]} cxd4 {[%emt 0:00:00]} 4. Nxd4 {[%emt 0:00:01]}
e5 {[%emt 0:00:01]} 5. Nb5 {[%emt 0:00:10]} d5 {[%emt 0:00:03]} 6. cxd5 {
[%emt 0:00:07]} Bc5 {[%emt 0:00:01]} 7. e3 {[%emt 0:00:07]} Qb6 {[%emt 0:00:05]
} 8. N1c3 {[%emt 0:00:13]} O-O {[%emt 0:00:08]} 9. a3 {[%emt 0:00:08]} Rd8 {
[%emt 0:01:00]} 10. Na4 {[%emt 0:00:28]} Rxd5 {[%emt 0:00:47]} 11. Qxd5 {
[%emt 0:00:16]} Nxd5 {[%emt 0:00:10]} 12. Nxb6 {[%emt 0:00:02]} axb6 {[%emt 0:
00:07]} 13. Bc4 {[%emt 0:00:07]} Ne7 {[%emt 0:00:16]} 14. b4 {[%emt 0:00:02]}
Bxb4+ {[%emt 0:00:01]} 15. Ke2 {[%emt 0:00:13]} Nbc6 {[%emt 0:00:04]} 16. Rd1 {
[%emt 0:00:26]} e4 {[%emt 0:00:15]} 17. Bb2 {[%emt 0:00:23]} Bc5 {[%emt 0:00:
23]} 18. Nd6 {[%emt 0:00:36]} Bg4+ {[%emt 0:00:03]} 19. f3 {[%emt 0:00:01]}
exf3+ {[%emt 0:00:01]} 20. gxf3 {[%emt 0:00:01]} Bh5 {[%emt 0:00:02]} 21. Nxb7
{[%emt 0:00:08]} Na5 {[%emt 0:00:28]} 22. Nxa5 {[%emt 0:00:13]} bxa5 {[%emt 0:
00:00]} 23. Rac1 {[%emt 0:00:05]} Rb8 {[%emt 0:00:10]} 24. Rd2 {[%emt 0:00:14]}
Bb6 {[%emt 0:00:07]} 25. Be5 {[%emt 0:00:36]} Re8 {[%emt 0:00:07]} 26. Bb5 {
[%emt 0:00:05]} Ra8 {[%emt 0:00:21]} 27. Rd6 {[%emt 0:00:08]} Bxe3 {[%emt 0:00:
14]} 28. Kxe3 {[%emt 0:00:03]} Nf5+ {[%emt 0:00:01]} 29. Kf4 {[%emt 0:00:02]}
Nxd6 {[%emt 0:00:01]} 30. Bxd6 {[%emt 0:00:02]} h6 {[%emt 0:00:01]} 31. Rc7 {
[%emt 0:00:19]} Rd8 {[%emt 0:00:12]} 32. Rd7 {[%emt 0:00:54]} Rc8 {[%emt 0:00:
07]} 33. Bd3 {[%emt 0:00:22]} g5+ {[%emt 0:00:08]} 34. Ke3 {[%emt 0:00:02]} g4
{[%emt 0:00:33]} 35. Rc7 {[%emt 0:00:34]} Rd8 {[%emt 0:00:21]} 36. Be7 {
[%emt 0:00:02]} Re8 {[%emt 0:00:18]} 37. fxg4 {[%emt 0:00:03]} Bxg4 {[%emt 0:
00:01]} 38. Kf4 {[%emt 0:00:01]} Be6 {[%emt 0:00:06]} 39. Bf5 {[%emt 0:00:05]}
1-0